000 00563nam a2200205Ia 4500
005 20250923145157.0
008 008 250917s9999 xx 000 0 eng d
037 _aTextual
040 _aDSWL
_beng
_cDSWL
041 _aeng
_2eng
084 _aY:g.71, N67
_qDSWL
100 _aBottomore, T.B.
_9832559
245 0 _aCritics of Society
_cby T.B. Bottomore
260 _aLondon
_bGeorge Allen & Unwin
_c1967
300 _av,280p.
365 _aINR
_b25
925 _g25
942 _cTEXL
_hY:g.71, N67
999 _c1448118
_d1448118